00908cam a2200265 a 4500999001500000001000700015003000400022005001700026008004100043010001700084020001500101040001800116050002100134082001200155100003600167245004000203260004200243300002100285500006400306504006500370600003800435906004500473942001200518952011200530 c9277d9277716126OSt20210111155627.0970225r1997 ilu b 001 0 eng  a 97147228  a0802430295 aDLCcDLCdDLC00aBT202b.L47 199700a2322211 aLewis, Peter,d1945 February 6-14aThe glory of Christ /cPeter Lewis. aChicago, Ill. :bMoody Press,cc1997. a512 p. ;c23 cm. aPreviously published: London, England : Hodder & Stoughton. aIncludes bibliographical references (p. [477-507) and index.00aJesus ChristxPerson and offices. a7bcbccorignewd2encipf19gy-gencatlg 2ddccBK 00102ddc40708NFICaHMCbHMCcGENd2021-01-18l0o232 L673Gp010591r2021-01-18 00:00:00w2021-01-18yBK